| 000 | 01074nam a22002777a 4500 | ||
|---|---|---|---|
| 005 | 20130926172558.0 | ||
| 010 | _aENG-104765 | ||
| 020 |
_a9788130914664 _c175.00 |
||
| 035 | _aEN-88298 | ||
| 035 | _aB-492175-179 | ||
| 037 | _bDBAD/PUB | ||
| 037 | _bVirtuous Pub/Ven | ||
| 082 | _a378.155 | ||
| 100 | _aMarshall, Stephen | ||
| 245 | 0 | 0 |
_aYour PhD companion : _ba handy mix of practical tips, sound advice and helpful commentary to see you through your PhD / _cby Stephen Marshall [and] Nick Green |
| 250 | _a3rd rev & updated ed | ||
| 260 |
_aNew Delhi _bViva Books _c2010 |
||
| 270 |
_aB-1, 4262/3, Ansari Road, Darya Ganj _bNew Delhi _e110002 |
||
| 300 |
_axii,156p. : _c23cm(pbk) _bill. |
||
| 500 | _aIncludes bibliographical references and index | ||
| 650 | _aDoctor of philosophy degree. | ||
| 650 |
_aUniversities and colleges _xGraduate work. |
||
| 700 |
_aGreen, Nick _d1965- _939485 |
||
| 942 |
_2ddc _cEN _h378.155 _mMAR |
||
| 999 |
_c61109 _d61109 |
||